| 000 | 00397nam a2200145Ia 4500 | ||
|---|---|---|---|
| 008 | 230917s9999||||xx |||||||||||||| ||und|| | ||
| 040 |
_e120420 _aMAIN |
||
| 041 | _aEnglish | ||
| 082 | _a301.440954 S86A | ||
| 100 | _aSrinivas, M N | ||
| 245 | 0 | _aAadhunik Bharat mein jativad tatha anya nibhandha | |
| 260 |
_aBhopal _bMadhay Pradesh Hindi Granth Akademi _c1987 |
||
| 300 | _a173 p. | ||
| 942 | _cBK | ||
| 999 |
_c64312 _d64312 |
||